000 00251nam a2200097Ia 4500
001 762342
005 20250826165224.0
008 250824s9999 xx 000 0 und d
245 0 _aHALİME KAPTAN
_cRIFAT ILGAZ
260 _bTÜRKİYE İŞ BANKASI YAYINLARI
999 _c762342
_d762342